000 00493nam a22001817a 4500
003 CEME
005 20210628203650.0
008 210203b xxu||||| |||| 00| 0 eng d
020 _a0-8031-0978-4
040 _c.
082 _a615.9 AQU
100 _aAdams, William J, Chapman, Gary A
_966750
245 _aAquatic toxicology and hazard assessmetn, 10volume
260 _aUSA
_bASTM
_c1988
300 _a579P
650 _aAQUATIC TOXICOLOGY. HAZARD ASSESSMETN
_966751
942 _cBK
_2ddc
999 _c574663
_d574663